Władcy po obrazkach - Statystyki

Ogólne statystyki
  • Ten quiz został rozwiązany 18 razy
  • Średni wynik to 9 z 16
Statystyki odpowiedzi
Obrazkowy Odpowiedź % Poprawnych
Bolesław Bierut
83%
Iwan IV Groźny
83%
Benito Mussolini
75%
Henryk V
75%
Henryk VIII
75%
Mikołaj II
75%
Elżbieta I
67%
Otto von Bismarck
67%
Katarzyna Wielka
58%
Aleksander Jagiellończyk
50%
Gabriel Narutowicz
42%
Edward VII
33%
Francisco Franco
25%
Harald V
17%
Małgorzata II
17%
Ludwik V Gnuśny
8%
Nie znaleziono quizów pasujących do podanych kryteriów
Rozkład punktacji
Procent ludzi z każdym wynikiem
Percentyl według liczby udzielonych odpowiedzi
Twoja historia wyników
Nie rozwiązałeś tego quizu